Statistiken für Alle Pokémon - Attacken vom Typ "Eis"

Klicken Sie hier um das Quiz zu spielen!

Allgemein

  • Dieses Quiz wurde 7 mal gespielt
    (5 seit der letzten Aktualisierung)
  • Das Durchschnittsergebnis liegt bei 9 aus 32

Antwortstatistiken

Attacke% Korrekt
Eisstrahl
100%
Blizzard
80%
Eiseskälte
80%
Eishieb
60%
Eissplitter
60%
Eiszahn
60%
Hagelsturm
60%
Lawine
60%
Aurorastrahl
40%
Eisodem
40%
Eissturm
40%
Frostbeule
40%
Gefriertrockner
40%
Blizzardlanze
20%
Dunkelnebel
20%
Dyna -Frost
20%
Eishammer
20%
Eisspeer
20%
Pulverschnee
20%
Weißnebel
20%
Auroraschleier
0%
Dreifach -Axel
0%
Eisige Stimmung
0%
Eiszapfhagel
0%
Eiszeit
0%
Frostfallwind
0%
Frosthauch
0%
Frostvolt
0%
Giga -Melodie
0%
Klirrfrost
0%
Schneelandschaft
0%
Tobender Geofrost
0%

Verteilung der Resultate

Perzentil nach korrekt beantworteten Fragen

Anzahl Personen mit jedem Resultat

Ihre Resultats-Entwicklung

Sie haben dieses Quiz seit der letzten Aktualisierung nicht gespielt